Word Ladder: Child's New Year's Eve Quiz Stats

 Plays Quiz Updated Dec 31, 2017

Challenge
Share
Tweet
Embed
Score 0/24 Timer 03:00
0 Plays Today
Clue 4-Letter Word % Correct
'____ Buy Me Love' (Beatles song)🎆 CAN'T 🎆
96.4%
Iron corrosionRUST
96.4%
Smallest of a litterRUNT
95.8%
Not closed🎆 OPEN 🎆
94.8%
'Us and ____' (Pink Floyd song)🎆 THEM 🎆
94.5%
Easy Bake ____ (kids' toy)OVEN
93.5%
At that timeTHEN
93.2%
Retain possession of🎆 KEEP 🎆
93.2%
Nights before holidaysEVES
93.2%
Penny synonymCENT
92.7%
Hissy fit, for exampleRANT
92.7%
Metal band: ____ PurpleDEEP
91.6%
Clue 4-Letter Word % Correct
Batman's Harvey, or a car dingDENT
91.3%
Peepers🎆 EYES 🎆
91.2%
Young adult's magazineTEEN
89.6%
Psychedelic T-shirts: Tie-____DYES
89.2%
Bug repellent ingredientDEET
89%
Mentally acuteKEEN
88.7%
Completed or doneOVER
88.1%
At any timeEVER
87.6%
Fair and equitable🎆 JUST 🎆
77.7%
Weekly Top 40 radio host RickDEES
69.8%
Abound (with)TEEM
68.2%
Establish as; pronounceDEEM
64.6%

Today's Daily Dose

You're not logged in!

Compare scores with friends on all Sporcle quizzes.
Join for Free
OR
Log In

You Might Also Like...

Show Comments

Extras

Top Quizzes Today


Score Distribution

Your Account Isn't Verified!

In order to create a playlist on Sporcle, you need to verify the email address you used during registration. Go to your Sporcle Settings to finish the process.

Report this User

Report this user for behavior that violates our Community Guidelines.

Details: